Saints to Patronage #1 - Statistics

General Stats
  • This quiz has been taken 106 times
  • The average score is 8 of 20
Answer Stats
Hint Answer % Correct
Travelers Christopher
73%
Animals Francis of Assisi
71%
Lost Items Anthony of Padua
66%
Grandmothers Anne
62%
Music Cecilia
57%
Academics Thomas Aquinas
57%
Knights George
45%
Doctors Luke
39%
Japan Paul Miki
39%
Priests John Vianney
38%
Immigrants Frances Xavier Cabrini
31%
Athletes Sebastian
30%
Spain James
29%
Photographers Veronica
27%
Astronauts Joseph of Cupertino
26%
Public Speakers John Chrysostom
23%
Cooks Lawrence
23%
AIDS Patients Aloysius Gonzaga
22%
Computers Isidore
16%
Mathematicians Hubert
13%
No matching quizzes found
Score Distribution
Percent of People with Each Score
Percentile by Number Answered
Your Score History
You have not taken this quiz